<?xml version="1.0" encoding="UTF-8"?>
<record
    xmlns:xsi="http://www.w3.org/2001/XMLSchema-instance"
    xsi:schemaLocation="http://www.loc.gov/MARC21/slim http://www.loc.gov/standards/marcxml/schema/MARC21slim.xsd"
    xmlns="http://www.loc.gov/MARC21/slim">

  <leader>00618nam a22001577a 4500</leader>
  <controlfield tag="003">OSt</controlfield>
  <controlfield tag="005">20150925160010.0</controlfield>
  <controlfield tag="008">150925b        xxu||||| |||| 00| 0 eng d</controlfield>
  <datafield tag="040" ind1=" " ind2=" ">
    <subfield code="c">RUA</subfield>
  </datafield>
  <datafield tag="082" ind1=" " ind2=" ">
    <subfield code="a">AGR SOR 2013 BO55 Or.1</subfield>
  </datafield>
  <datafield tag="100" ind1=" " ind2=" ">
    <subfield code="9">1352</subfield>
    <subfield code="a">SORN, KUNGKEA</subfield>
  </datafield>
  <datafield tag="245" ind1=" " ind2=" ">
    <subfield code="a">Comparison of honey mandarin shoot growth afyer BUD grafting  &#x1794;&#x17D2;&#x179A;&#x17C0;&#x1794;&#x1792;&#x17C0;&#x1794;&#x1780;&#x17B6;&#x179A;&#x179B;&#x17BC;&#x178F;&#x179B;&#x17B6;&#x179F;&#x17CB;&#x179A;&#x1794;&#x179F;&#x17CB;&#x1796;&#x1793;&#x17D2;&#x179B;&#x1780;&#x1780;&#x17D2;&#x179A;&#x17BC;&#x1785;&#x1783;&#x17D2;&#x179C;&#x17B7;&#x1785;&#x1791;&#x17B9;&#x1780;&#x1783;&#x17D2;&#x1798;&#x1798;&#x17BB;&#x17C6; &#x1794;&#x1793;&#x17D2;&#x1791;&#x17B6;&#x1794;&#x17CB;&#x1796;&#x17B8;&#x1794;&#x17C6;&#x1794;&#x17C5;&#x1797;&#x17D2;&#x1793;&#x17C2;&#x1780;.</subfield>
  </datafield>
  <datafield tag="260" ind1=" " ind2=" ">
    <subfield code="a">phnom phen</subfield>
    <subfield code="b">RUA</subfield>
    <subfield code="c">2013</subfield>
  </datafield>
  <datafield tag="300" ind1=" " ind2=" ">
    <subfield code="a">X,50p.</subfield>
    <subfield code="b">ill.</subfield>
    <subfield code="c">29cm.</subfield>
  </datafield>
  <datafield tag="942" ind1=" " ind2=" ">
    <subfield code="2">ddc</subfield>
    <subfield code="c">AGR</subfield>
  </datafield>
  <datafield tag="999" ind1=" " ind2=" ">
    <subfield code="c">1269</subfield>
    <subfield code="d">1269</subfield>
  </datafield>
  <datafield tag="952" ind1=" " ind2=" ">
    <subfield code="0">0</subfield>
    <subfield code="1">0</subfield>
    <subfield code="2">ddc</subfield>
    <subfield code="4">0</subfield>
    <subfield code="6">AGR_SOR_2013_000000000000000_BO55_OR_1</subfield>
    <subfield code="7">0</subfield>
    <subfield code="9">5384</subfield>
    <subfield code="a">LBB</subfield>
    <subfield code="b">LBB</subfield>
    <subfield code="c">B055</subfield>
    <subfield code="d">2015-09-25</subfield>
    <subfield code="l">1</subfield>
    <subfield code="m">1</subfield>
    <subfield code="o">AGR SOR 2013 BO55 Or.1</subfield>
    <subfield code="p">RUA005592</subfield>
    <subfield code="r">2016-11-21</subfield>
    <subfield code="s">2016-10-25</subfield>
    <subfield code="w">2015-09-25</subfield>
    <subfield code="y">AGR</subfield>
  </datafield>
  <datafield tag="952" ind1=" " ind2=" ">
    <subfield code="0">0</subfield>
    <subfield code="1">0</subfield>
    <subfield code="2">ddc</subfield>
    <subfield code="4">0</subfield>
    <subfield code="6">AGR_SOR_2013_000000000000000_BO55_OR_2</subfield>
    <subfield code="7">0</subfield>
    <subfield code="9">5385</subfield>
    <subfield code="a">LBB</subfield>
    <subfield code="b">LBB</subfield>
    <subfield code="c">B055</subfield>
    <subfield code="d">2015-09-25</subfield>
    <subfield code="o">AGR SOR 2013 BO55 Or.2</subfield>
    <subfield code="p">RUA005700</subfield>
    <subfield code="r">2015-09-25</subfield>
    <subfield code="w">2015-09-25</subfield>
    <subfield code="y">AGR</subfield>
  </datafield>
  <datafield tag="952" ind1=" " ind2=" ">
    <subfield code="0">0</subfield>
    <subfield code="1">0</subfield>
    <subfield code="2">ddc</subfield>
    <subfield code="4">0</subfield>
    <subfield code="6">AGR_SOR_2013_000000000000000_BO55_OR_3</subfield>
    <subfield code="7">0</subfield>
    <subfield code="9">5386</subfield>
    <subfield code="a">LBB</subfield>
    <subfield code="b">LBB</subfield>
    <subfield code="c">B055</subfield>
    <subfield code="d">2015-09-25</subfield>
    <subfield code="l">2</subfield>
    <subfield code="m">2</subfield>
    <subfield code="o">AGR SOR 2013 BO55 Or.3</subfield>
    <subfield code="p">RUA006428</subfield>
    <subfield code="r">2016-04-27</subfield>
    <subfield code="s">2016-04-27</subfield>
    <subfield code="w">2015-09-25</subfield>
    <subfield code="y">AGR</subfield>
  </datafield>
  <datafield tag="952" ind1=" " ind2=" ">
    <subfield code="0">0</subfield>
    <subfield code="1">0</subfield>
    <subfield code="2">ddc</subfield>
    <subfield code="4">0</subfield>
    <subfield code="6">AGR_SOR_2013_000000000000000_BO55_OR_4</subfield>
    <subfield code="7">0</subfield>
    <subfield code="9">5387</subfield>
    <subfield code="a">LBB</subfield>
    <subfield code="b">LBB</subfield>
    <subfield code="c">B055</subfield>
    <subfield code="d">2015-09-25</subfield>
    <subfield code="o">AGR SOR 2013 BO55 Or.4</subfield>
    <subfield code="p">RUA006429</subfield>
    <subfield code="r">2015-09-25</subfield>
    <subfield code="w">2015-09-25</subfield>
    <subfield code="y">AGR</subfield>
  </datafield>
  <datafield tag="952" ind1=" " ind2=" ">
    <subfield code="0">0</subfield>
    <subfield code="1">0</subfield>
    <subfield code="2">ddc</subfield>
    <subfield code="4">0</subfield>
    <subfield code="6">AGR_SOR_2013_000000000000000_BO55_OR_5</subfield>
    <subfield code="7">0</subfield>
    <subfield code="9">5389</subfield>
    <subfield code="a">LBB</subfield>
    <subfield code="b">LBB</subfield>
    <subfield code="c">B055</subfield>
    <subfield code="d">2015-09-25</subfield>
    <subfield code="o">AGR SOR 2013 BO55 Or.5</subfield>
    <subfield code="p">RUA006504</subfield>
    <subfield code="r">2015-09-25</subfield>
    <subfield code="w">2015-09-25</subfield>
    <subfield code="y">AGR</subfield>
  </datafield>
  <datafield tag="952" ind1=" " ind2=" ">
    <subfield code="0">0</subfield>
    <subfield code="1">0</subfield>
    <subfield code="2">ddc</subfield>
    <subfield code="4">0</subfield>
    <subfield code="6">AGR_SOR_2013_000000000000000_BO55_OR_6</subfield>
    <subfield code="7">0</subfield>
    <subfield code="9">5390</subfield>
    <subfield code="a">LBB</subfield>
    <subfield code="b">LBB</subfield>
    <subfield code="c">B055</subfield>
    <subfield code="d">2015-09-25</subfield>
    <subfield code="l">1</subfield>
    <subfield code="o">AGR SOR 2013 BO55 Or.6</subfield>
    <subfield code="p">RUA006430</subfield>
    <subfield code="r">2020-06-29</subfield>
    <subfield code="s">2020-06-24</subfield>
    <subfield code="w">2015-09-25</subfield>
    <subfield code="y">AGR</subfield>
  </datafield>
  <datafield tag="952" ind1=" " ind2=" ">
    <subfield code="0">0</subfield>
    <subfield code="1">0</subfield>
    <subfield code="2">ddc</subfield>
    <subfield code="4">0</subfield>
    <subfield code="6">AGR_SOR_2013_000000000000000_BO55_OR_7</subfield>
    <subfield code="7">0</subfield>
    <subfield code="9">5391</subfield>
    <subfield code="a">LBB</subfield>
    <subfield code="b">LBB</subfield>
    <subfield code="c">B055</subfield>
    <subfield code="d">2015-09-25</subfield>
    <subfield code="o">AGR SOR 2013 BO55 Or.7</subfield>
    <subfield code="p">RUA006432</subfield>
    <subfield code="r">2015-09-25</subfield>
    <subfield code="w">2015-09-25</subfield>
    <subfield code="y">AGR</subfield>
  </datafield>
  <datafield tag="952" ind1=" " ind2=" ">
    <subfield code="0">0</subfield>
    <subfield code="1">0</subfield>
    <subfield code="2">ddc</subfield>
    <subfield code="4">0</subfield>
    <subfield code="6">AGR_SOR_2013_000000000000000_BO55_OR_8</subfield>
    <subfield code="7">0</subfield>
    <subfield code="9">5398</subfield>
    <subfield code="a">LBB</subfield>
    <subfield code="b">LBB</subfield>
    <subfield code="d">2015-09-25</subfield>
    <subfield code="o">AGR SOR 2013 BO55 Or.8</subfield>
    <subfield code="p">RUA006500</subfield>
    <subfield code="r">2015-09-25</subfield>
    <subfield code="w">2015-09-25</subfield>
    <subfield code="y">AGR</subfield>
  </datafield>
  <datafield tag="952" ind1=" " ind2=" ">
    <subfield code="0">0</subfield>
    <subfield code="1">0</subfield>
    <subfield code="2">ddc</subfield>
    <subfield code="4">0</subfield>
    <subfield code="6">AGR_SOR_2013_000000000000000_B1_210_OR_1</subfield>
    <subfield code="7">0</subfield>
    <subfield code="9">77521</subfield>
    <subfield code="a">LBB</subfield>
    <subfield code="b">LBB</subfield>
    <subfield code="c">B1.210</subfield>
    <subfield code="d">2019-01-21</subfield>
    <subfield code="o">AGR SOR 2013 B1.210 Or.1</subfield>
    <subfield code="p">A41227</subfield>
    <subfield code="r">2019-01-21</subfield>
    <subfield code="w">2019-01-21</subfield>
    <subfield code="y">AGR</subfield>
  </datafield>
  <datafield tag="952" ind1=" " ind2=" ">
    <subfield code="0">0</subfield>
    <subfield code="1">0</subfield>
    <subfield code="2">ddc</subfield>
    <subfield code="4">0</subfield>
    <subfield code="6">AGR_SOR_2013_000000000000000_B1_214_OR_1</subfield>
    <subfield code="7">0</subfield>
    <subfield code="9">77796</subfield>
    <subfield code="a">LBB</subfield>
    <subfield code="b">LBB</subfield>
    <subfield code="c">B1.214</subfield>
    <subfield code="d">2019-01-22</subfield>
    <subfield code="o">AGR SOR 2013 B1.214 Or.1</subfield>
    <subfield code="p">A41321</subfield>
    <subfield code="r">2019-01-22</subfield>
    <subfield code="w">2019-01-22</subfield>
    <subfield code="y">AGR</subfield>
  </datafield>
</record>
